00585nam a22001697a 450000500170000001000130001702000260003003500120005603700160006808200100008410000220009424501060011624600610022226000530028327000580033630000210039420221123110331.0 aUR-11770 a9789394616929c500.00 aU-10325 bDBAD/PUBa- a840.8 aعطا عابدی aآزادی کے بعد بہار کے اردو ادبی رسایل /cعطا عابدیhا ر د و aAzadi ke baad bihar ke urdu adabi rasael /bby Ata Abidi aNew DelhibEducational Publishing Housec2022 ء aH.O. D1/16, Ansari Road, DaryaganjbNew Delhie110002 a320 صc23cm(Hb)